| 000 | 00833cab a2200241 4500 | ||
|---|---|---|---|
| 001 | WB2911-03 | ||
| 008 | 090401t1993 xxu||||| |||| 00| 0 eng d | ||
| 035 | _a(Sirsi) u72227 | ||
| 041 | _aeng | ||
| 245 | _aInternational construction orders | ||
| 260 | _c1993 | ||
| 350 | _a0 | ||
| 490 |
_aFinancial Times _v19 March 1993, 9(1) |
||
| 520 | _aFigures from the Association of Consulting Engineers suggest that the value of international construction contracts involving British consulting engineers has risen substantially as a result of major projects in the Far East. | ||
| 650 | _aASSOCIATION OF CONSULTING ENGINEERS | ||
| 650 | _aCONSTRUCTION INDUSTRY | ||
| 650 | _aCONSTRUCTION MARKET | ||
| 650 | _aCONSTRUCTION PROJECTS | ||
| 650 | _aFAR EAST | ||
| 690 | _aBUILT ENVIRONMENT | ||
| 942 | _n0 | ||
| 948 | _c04/03/1997 | ||
| 999 |
_c45604 _d45604 |
||